[Event "12th Agzamov Memorial 2018"]
[Site "Tashkent"]
[Date "2018.04.28"]
[Round "6"]
[White "Hamitevici, Vladimir"]
[Black "Sindarov, Javokhir"]
[Result "1-0"]
[WhiteElo "2508"]
[BlackElo "2431"]
[Annotator "TA"]
[PlyCount "116"]
[EventDate "2018.??.??"]
[EventType "swiss"]
[EventCountry "UZB"]
[SourceTitle "playchess.com"]
[Source "ChessBase"]
[SourceQuality "1"]

{[%evp 16,116,50,47,68,62,60,54,77,44,50,43,53,37,68,50,72,43,44,38,40,39,31,33,69,50,47,53,48,43,60,52,79,24,21,16,62,70,85,81,70,110,91,-272,-248,-247,0,-16,0,0,0,0,0,0,25,0,0,0,0,0,83,0,0,0,0,0,37,0,135,132,120,132,343,322,348,339,429,446,414,396,727,732,561,538,6454,12839,6428,6428,6119,6119,5539,5519,29976,5102,29980,29981,29981,29982,29982,29983,29983,0,29981]} 1. Nf3 Nf6 2. g3 g6 3. b3 Bg7 4. Bb2 d6 5. d4 O-O 6. Bg2 c5 7. c4 Nc6 8. O-O Bg4 9. d5 {LiveBook: 30 Games} Nb4 {E60: King's Indian: Unusual lines and Fianchetto Variation without Nc3} (9... Na5 10. Nfd2 a6 11. h3 Bf5 12. e4 Bd7 13. Qc2 Qc7 14. Nc3 Rab8 15. Kh2 h5 16. f4 h4 17. g4 Bxg4 18. hxg4 Nxg4+ {½-½ (45) Blomqvist,E (2502)-Panjwani,R (2444) chess.com INT 2018}) 10. a3 Na6 11. Nbd2 Qc8 {White is slightly better.} 12. Ne1 $146 ({Predecessor:} 12. Re1 Nc7 13. Qc2 Bh3 14. Bh1 e5 15. dxe6 Nxe6 16. Ne4 Nxe4 17. Bxg7 Nxg3 18. hxg3 Kxg7 {½-½ (74) Graeber,R (2086)-Schippan,B (2140) Germany 2015}) 12... Nc7 13. Nd3 b5 14. f3 Bd7 15. e4 bxc4 16. bxc4 Rb8 17. Qc2 Qa6 18. a4 e5 19. Bc3 Rfe8 20. Rfe1 Qc8 21. f4 {[%cal Rf4e5]} exf4 22. gxf4 Bh3 {Black wants to play ...Qg4.} 23. Bf3 $1 Bg4 24. Bh1 (24. Nf2 $16 {Bxf6 is the strong threat.} Bxf3 25. Nxf3) 24... Na6 $11 {White should prevent ...Nb4.} 25. e5 dxe5 26. fxe5 Nb4 27. Bxb4 $1 cxb4 28. exf6 Bxf6 29. Bg2 $2 {[%mdl 8192]} (29. Ne4 $16 Bd4+ 30. Ndf2) 29... Bxa1 $19 30. Rxa1 Re2 $2 (30... Bf5 $1 $19 31. Nb3 Re3) 31. Bf1 $11 Bf3 {( -> ...Qg4+)} 32. Nf2 $1 {[#]} ({Don't blunder} 32. Bxe2 $2 Qg4+ 33. Kf2 Qg2+ 34. Ke3 Re8+ 35. Kd4 Rxe2 $19) 32... Rxf2 $1 {[%mdl 512]} 33. Kxf2 Bxd5 $1 {And now ...Qc5+ would win.} 34. Qd3 Ba8 35. Nb3 Rb6 {aiming for ...Rf6+.} 36. Be2 Rf6+ 37. Ke1 Bc6 (37... Re6 $11 {keeps the balance.}) 38. a5 (38. Rd1 $1 $16) 38... Qe8 {Strongly threatening ...Rf3.} 39. Nd4 Qe5 40. Rd1 Qxh2 {White must now prevent ...Ba4.} 41. Nxc6 Qh4+ (41... Rxc6 $11 42. Qd8+ Kg7 43. Qd4+ Kg8) 42. Kd2 $16 Rxc6 43. Kc2 Rf6 $2 (43... Rc8 $16) 44. Kb3 $18 h5 45. Qd4 ({Weaker is} 45. Kxb4 Qh2 $16) 45... Qg3+ {[#]} 46. Rd3 $1 Qg5 47. Kxb4 h4 $2 (47... Kh7 48. Qxa7 Qe5) 48. Qd8+ Kg7 {[#]} 49. Rd6 $1 h3 50. Qxf6+ Qxf6 51. Rxf6 Kxf6 {[%mdl 4096] Endgame KB-KP} 52. Bf1 h2 53. Bg2 Ke7 54. Kc5 f5 55. Kd5 f4 56. Ke5 g5 57. c5 Kd7 58. Ke4 $2 (58. Kf5 {mates} Ke7 59. Kxg5 Kf7 60. Bd5+ Ke7 61. Kxf4 Kf6 62. c6 Ke7 63. Ke5) 58... Ke7 $2 {[%mdl 8192] Precision: White = 66%, Black = 43%.} (58... Kc6 $11) 1-0

[Event "12th Agzamov Memorial 2018"]
[Site "Tashkent"]
[Date "2018.04.28"]
[Round "6"]
[White "Hamitevici, Vladimir"]
[Black "Sindarov, Javokhir"]
[Result "*"]
[WhiteElo "2508"]
[BlackElo "2431"]
[Annotator "TA"]
[PlyCount "36"]
[EventDate "2018.??.??"]
[EventType "swiss"]
[EventCountry "UZB"]
[SourceTitle "playchess.com"]
[Source "ChessBase"]
[SourceQuality "1"]

{[%evp 16,17,55,47]} 1. Nf3 Nf6 2. g3 g6 3. b3 Bg7 4. Bb2 d6 5. d4 {[%cal Bd2d4,Bd4d5][%mdl 32]} O-O 6. Bg2 c5 7. c4 Nc6 8. O-O Bg4 9. d5 {Predecessor:} Na5 $146 10. Nfd2 a6 11. h3 Bf5 12. e4 Bd7 13. Qc2 Qc7 14. Nc3 Rab8 15. Kh2 h5 16. f4 h4 17. g4 Bxg4 18. hxg4 Nxg4+ {½-½ (45) Blomqvist,E (2502)-Panjwani,R (2444) chess.com INT 2018} *

[Event "12th Agzamov Memorial 2018"]
[Site "Tashkent"]
[Date "2018.04.28"]
[Round "6"]
[White "Kotanjian, Tigran"]
[Black "Egin, Vladimir"]
[Result "1-0"]
[WhiteElo "2481"]
[BlackElo "2340"]
[Annotator "TA"]
[PlyCount "89"]
[EventDate "2018.??.??"]
[EventType "swiss"]
[EventCountry "UZB"]
[SourceTitle "playchess.com"]
[Source "ChessBase"]
[SourceQuality "1"]

{[%evp 23,89,0,31,31,35,26,41,26,33,0,0,0,57,53,52,51,54,44,39,38,52,59,74,0,72,64,72,69,121,45,182,104,225,225,327,324,618,223,163,0,0,0,0,0,0,0,195,206,258,258,756,745,729,713,816,818,799,808,775,730,611,604,943,811,778,752,781,720]} 1. d4 d5 2. c4 dxc4 3. e4 Nf6 4. e5 Nd5 5. Bxc4 Nb6 6. Bb3 Nc6 7. Be3 Bf5 8. Ne2 {D20: Queen's Gambit Accepted: 3 e3 and 3 e4} e6 9. O-O Qd7 10. Nbc3 O-O-O 11. Qc1 Kb8 12. Rd1 Nb4 {LiveBook: 7 Games} 13. Ng3 Bg6 14. Nge4 {[#]} Qe8 $146 ({Predecessor:} 14... h6 15. Nc5 Qc6 16. a3 N4d5 17. Nxd5 Nxd5 {½-½ (48) Brunello,S (2555)-Howell,D (2701) Douglas 2017}) 15. Bg5 Be7 16. Nc5 Bxg5 17. Qxg5 Nc2 (17... Bc2 $1 $11) 18. Bxc2 $1 $14 Bxc2 19. Rd2 $36 {[%mdl 2048] Black is under pressure.} ({But not} 19. Qxg7 Rg8 $15) 19... Bg6 20. b3 {[%cal Bb2b3,Bb3b4,Bb4b5][%mdl 32]} Nd5 21. Rc1 Qe7 22. Qg3 h5 23. h4 (23. Nxd5 $16 Rxd5 24. Qc3) 23... Rhg8 (23... c6 $1 $11 {remains equal.}) 24. b4 Bf5 25. Nxd5 Rxd5 (25... exd5 $14 26. Qf3 Bc8) 26. b5 $1 $16 Ka8 (26... g5 $1 $14) 27. a4 (27. Rc4 $1 $18) 27... g5 (27... Rc8 $16 {keeps fighting.}) 28. a5 $1 $18 Qd8 (28... Qe8 {is a better defense.}) 29. Qc3 $1 gxh4 $2 (29... Kb8 30. hxg5 Rxg5) 30. Na6 $2 (30. a6 Rxc5 31. Qxc5) 30... Rd7 {Black wants to play ...h3.} ({Don't go for} 30... bxa6 $2 31. Qc6+ Kb8 32. bxa6 $18) 31. Nxc7+ $2 ({White has to play} 31. f3 $1 $18) 31... Kb8 $1 $11 32. b6 $1 {aiming for a6.} a6 $1 {...Qg5 is the strong threat.} 33. Qe3 h3 $1 {White must now prevent ...Qh4.} 34. g3 h4 $2 {[#]} (34... h2+ $11 {and Black is okay.} 35. Kxh2 h4) 35. Kh2 $1 $18 hxg3+ 36. fxg3 Qg5 $2 (36... Qf8 37. d5 Qb4) 37. Qxg5 {White is clearly winning.} Rxg5 {[#]} 38. Ne8 $1 {[%cal Re8f6]} Bg6 39. Nd6 Rxd6 40. exd6 {d7 would kill now. KRR-KRB} Rd5 41. Kxh3 Rxd6 42. Kg4 Rd7 43. Kf4 f6 44. Ke3 Rg7 45. Rh2 {Precision: White = 66%, Black = 27%.} 1-0

[Event "12th Agzamov Memorial 2018"]
[Site "Tashkent"]
[Date "2018.04.28"]
[Round "6"]
[White "Khusenkhojaev, Muhammad"]
[Black "Papin, Vasily"]
[Result "1/2-1/2"]
[WhiteElo "2456"]
[BlackElo "2475"]
[Annotator "TA"]
[PlyCount "34"]
[EventDate "2018.??.??"]
[EventType "swiss"]
[EventCountry "UZB"]
[SourceTitle "playchess.com"]
[Source "ChessBase"]
[SourceQuality "1"]

{[%evp 19,20,-2,0]} 1. Nf3 Nf6 2. g3 d5 3. Bg2 c6 4. b3 h6 5. Bb2 Bf5 6. O-O e6 7. c4 Be7 8. d3 O-O 9. Nbd2 Nbd7 10. cxd5 {A12: English Opening: 1...c6 with b3 by White} (10. a3 a5 11. Qb1 Bh7 12. b4 axb4 13. axb4 Qb6 14. Bc3 Rxa1 15. Qxa1 Bxb4 16. Bxb4 Qxb4 17. Rb1 Qd6 18. Rxb7 e5 {1-0 (33) Rapport,R (2702)-Carlsen,M (2840) Wijk aan Zee 2017}) 10... exd5 {LiveBook: 7 Games} {Predecessor:} 11. Nd4 $146 Bh7 12. Bh3 Re8 13. Nf5 Bf8 14. Nf3 a5 15. a3 Bxf5 16. Bxf5 g6 17. Bh3 Bg7 {0-1 (86) Libeau,R (2415)-Sprenger,J (2510) Germany 2009} 1/2-1/2

[Event "12th Agzamov Memorial 2018"]
[Site "Tashkent"]
[Date "2018.04.28"]
[Round "6"]
[White "Dzhumaev, Marat"]
[Black "Vokhidov, Shamsiddin"]
[Result "*"]
[WhiteElo "2451"]
[BlackElo "2414"]
[Annotator "TA"]
[PlyCount "30"]
[EventDate "2018.??.??"]
[EventType "swiss"]
[EventCountry "UZB"]
[SourceTitle "playchess.com"]
[Source "ChessBase"]
[SourceQuality "1"]

{[%evp 15,17,0,10,0]} 1. e4 e5 2. Nf3 Nc6 3. Bb5 Nf6 4. d3 Bc5 5. O-O Nd4 6. Nxd4 Bxd4 7. Nd2 {C65: Ruy Lopez: Berlin Defence (3...Nf6), unusual lines and 4 0-0 Bc5} c6 8. Ba4 Bb6 {LiveBook: 7 Games} 9. Bb3 {Predecessor:} d6 $146 10. Nc4 Bc7 11. Qf3 h6 12. Ne3 g6 13. h3 Qe7 14. a4 Be6 15. Bxe6 Qxe6 {0-1 (43) Jenni,F (2527)-Sargissian,G (2667) Mainz 2007} *

[Event "12th Agzamov Memorial 2018"]
[Site "Tashkent"]
[Date "2018.04.28"]
[Round "6"]
[White "Dzhumaev, Marat"]
[Black "Vokhidov, Shamsiddin"]
[Result "0-1"]
[WhiteElo "2451"]
[BlackElo "2414"]
[Annotator "TA"]
[PlyCount "100"]
[EventDate "2018.??.??"]
[EventType "swiss"]
[EventCountry "UZB"]
[SourceTitle "playchess.com"]
[Source "ChessBase"]
[SourceQuality "1"]

{[%evp 15,100,0,0,0,41,20,20,20,16,0,0,0,0,-17,0,0,0,0,0,0,0,0,0,0,0,0,0,0,0,0,0,0,0,0,0,0,6,-10,-7,-22,-17,-53,-53,-60,-62,-96,-101,-89,-77,-100,-94,-94,-80,-89,-98,-256,-249,-238,-226,-418,-433,-429,-433,-421,-412,-414,-380,-318,0,-510,-354,-262,-119,-119,-119,-261,-235,-225,-217,-29976,-29977,-29977,-29978,-29972,-29972,-6287,-6287]} 1. e4 e5 2. Nf3 Nc6 3. Bb5 Nf6 4. d3 Bc5 5. O-O Nd4 6. Nxd4 Bxd4 7. Nd2 {C65: Ruy Lopez: Berlin Defence (3...Nf6), unusual lines and 4 0-0 Bc5} c6 8. Ba4 Bb6 {LiveBook: 7 Games} 9. Bb3 {The position is equal.} Bc7 $146 ({Predecessor:} 9... d6 10. Nc4 Bc7 11. Qf3 h6 12. Ne3 g6 13. h3 Qe7 14. a4 Be6 15. Bxe6 Qxe6 {0-1 (43) Jenni,F (2527)-Sargissian,G (2667) Mainz 2007}) 10. d4 d6 11. dxe5 dxe5 12. h3 O-O 13. Qf3 Nd7 14. Nc4 Nc5 15. Be3 Qe7 16. Bxc5 Qxc5 17. Ne3 Bd7 18. Rad1 Rad8 19. Rd3 Qe7 20. Rfd1 Bc8 21. Nf5 Bxf5 $1 22. Qxf5 {Strongly threatening Rd7.} g6 23. Qg4 Rd6 24. Rxd6 Bxd6 25. Rd3 Kg7 26. h4 f5 27. Qd1 Rf6 28. Rd2 fxe4 29. Qe1 Bc5 30. g3 {[#]} e3 $1 $36 {[%mdl 2560] White is under strong pressure.} 31. fxe3 Rf3 32. Kg2 {[#]} e4 $1 ({But not} 32... Rxe3 $6 33. Qd1 $11) 33. Rf2 Rxe3 34. Qd1 {[#] Threatens to win with Rf7+.} Rxb3 $1 {[%mdl 512]} 35. axb3 $2 (35. Rd2 $17 {is the only way for White.} Rxg3+ 36. Kxg3 Qe5+ 37. Kh3) 35... Bxf2 $19 36. Kxf2 $17 {[%mdl 4096] Endgame KQ-KQ} Qc5+ 37. Kg2 $2 (37. Kf1) 37... Qd5 $19 38. Qe2 e3+ $1 39. Kg1 Qe5 40. Qe1 Qe4 41. Qd1 Qd5 $2 (41... a5 $19 {And now ...g5! would win.} 42. Qd6 g5) 42. Qe1 $2 {[%mdl 8192]} (42. Qe2 $11) 42... Qd4 43. Kf1 Qf6+ ({Don't play} 43... Qxb2 44. Qxe3 Qb1+ 45. Qe1 $19) (43... Kf6 $19 44. Qe2 Qe4) 44. Ke2 $17 Qxb2 45. Qd1 (45. Qb4 $17) 45... Qc3 $19 46. Qd7+ Kh6 47. Qe7 $2 (47. g4 $19) 47... Qd2+ 48. Kf3 Qf2+ 49. Ke4 e2 50. Qg5+ Kg7 {Precision: White = 47%, Black = 79%.} 0-1

[Event "12th Agzamov Memorial 2018"]
[Site "Tashkent"]
[Date "2018.04.28"]
[Round "6"]
[White "Nigmatov, Ortik"]
[Black "Yakubboev, Nodirbek"]
[Result "1/2-1/2"]
[WhiteElo "2438"]
[BlackElo "2482"]
[Annotator "TA"]
[PlyCount "69"]
[EventDate "2018.??.??"]
[EventType "swiss"]
[EventCountry "UZB"]
[SourceTitle "playchess.com"]
[Source "ChessBase"]
[SourceQuality "1"]

{[%evp 17,69,11,26,14,32,0,23,33,24,9,18,9,14,16,13,10,11,7,14,0,0,-7,0,0,18,16,13,0,0,0,0,0,13,8,8,15,10,0,20,0,0,-18,0,-35,0,-18,0,-43,0,-14,0,-54,0,-32]} 1. e4 e5 2. Nf3 Nc6 3. Bc4 Bc5 4. c3 Nf6 5. d3 d6 6. O-O a6 7. Bb3 Ba7 8. Nbd2 {[%cal Bb1d2,Bd2f1,Bf1g3,Bg3f5][%mdl 32]} O-O 9. h3 d5 {LiveBook: 3 Games. C54: Giuoco Piano: 4 c3 Nf6, main lines with 5 d4 and 5 d3} (9... Re8 10. Re1 Be6 11. Bc2 h6 12. Nf1 d5 13. exd5 Bxd5 14. Ng3 Qd7 15. Ne4 Nxe4 16. dxe4 Be6 17. Qxd7 Bxd7 18. a4 f6 19. Nd2 Be6 {½-½ (33) Onischuk,V (2637)-Anand,V (2782) Riadh 2017}) 10. Re1 dxe4 11. dxe4 Qe7 12. Nf1 Rd8 $146 ({Predecessor:} 12... Na5 13. Bc2 Rd8 14. Qe2 Nh5 15. Ne3 Nf4 16. Qf1 Nc6 17. Nf5 {½-½ (17) Kyas,J (2210)-Goehring,K (2305) Germany 1993}) 13. Qe2 Be6 14. Ng3 Bxb3 15. axb3 {[%cal Ba2b3,Bb3b4][%mdl 32]} Qe6 16. b4 Ne8 17. Nf5 Nd6 18. Qc2 f6 19. Ne3 Rd7 20. Nf1 Rad8 21. Be3 Nc4 22. Bxa7 Nxa7 23. b3 Nb6 {[%cal Bc4b6,Bb6c8,Bc8d6][%mdl 32]} 24. Ne3 Nb5 25. c4 Nd4 26. Nxd4 Rxd4 27. Rad1 Nc8 28. Nf5 R4d7 29. Qe2 Nd6 30. Ng3 Nc8 31. Nf5 Nd6 32. Ng3 Nc8 33. Nf5 Nd6 34. Ng3 Nc8 35. Nf5 {Precision: White = 54%, Black = 30%.} 1/2-1/2

[Event "12th Agzamov Memorial 2018"]
[Site "Tashkent"]
[Date "2018.04.28"]
[Round "6"]
[White "Nigmatov, Ortik"]
[Black "Yakubboev, Nodirbek"]
[Result "*"]
[WhiteElo "2438"]
[BlackElo "2482"]
[Annotator "TA"]
[PlyCount "33"]
[EventDate "2018.??.??"]
[EventType "swiss"]
[EventCountry "UZB"]
[SourceTitle "playchess.com"]
[Source "ChessBase"]
[SourceQuality "1"]

{[%evp 17,22,24,28,14,23,7,20]} 1. e4 e5 2. Nf3 Nc6 3. Bc4 Bc5 4. c3 Nf6 5. d3 d6 6. O-O a6 7. Bb3 Ba7 8. Nbd2 O-O 9. h3 d5 {LiveBook: 3 Games. C54: Giuoco Piano: 4 c3 Nf6, main lines with 5 d4 and 5 d3} (9... Re8 10. Re1 Be6 11. Bc2 h6 12. Nf1 d5 13. exd5 Bxd5 14. Ng3 Qd7 15. Ne4 Nxe4 16. dxe4 Be6 17. Qxd7 Bxd7 18. a4 f6 19. Nd2 Be6 {½-½ (33) Onischuk,V (2637)-Anand,V (2782) Riadh 2017}) 10. Re1 dxe4 11. dxe4 Qe7 {Predecessor:} 12. Nf1 $146 Na5 13. Bc2 Rd8 14. Qe2 Nh5 15. Ne3 Nf4 16. Qf1 Nc6 17. Nf5 {½-½ (17) Kyas,J (2210)-Goehring,K (2305) Germany 1993} *

[Event "12th Agzamov Memorial 2018"]
[Site "Tashkent"]
[Date "2018.04.28"]
[Round "6"]
[White "Duzhakov, Ilya"]
[Black "Jumanov, Elbek"]
[Result "1-0"]
[WhiteElo "2421"]
[BlackElo "2283"]
[Annotator "TA"]
[PlyCount "83"]
[EventDate "2018.??.??"]
[EventType "swiss"]
[EventCountry "UZB"]
[SourceTitle "playchess.com"]
[Source "ChessBase"]
[SourceQuality "1"]

{[%evp 16,83,35,35,35,35,35,23,45,58,59,58,56,49,50,56,74,70,61,57,119,110,149,147,184,200,200,189,192,200,191,192,379,388,377,356,384,371,489,489,591,565,981,965,874,842,1201,1282,1270,1271,1035,1149,1182,441,975,912,2489,2291,1579,1140,5169,5125,29975,29972,29972,29973,29970,29957,5114,4714]} 1. e4 c5 2. Nf3 e6 3. d4 cxd4 4. Nxd4 Nf6 5. Nc3 d6 6. g4 h6 7. h4 Nc6 8. Rg1 d5 9. exd5 Nxd5 {B81: Sicilian Scheveningen: Keres Attack} 10. Nxd5 Qxd5 11. Bg2 (11. Be3 Bd7 12. Bg2 Qc4 13. c3 Bc5 14. Nxc6 Bxc6 15. Qb3 Qxb3 16. Bxc6+ bxc6 17. axb3 Bxe3 18. fxe3 {½-½ (48) Naiditsch,A (2702)-Stocek,J (2581) Heraklio 2017}) 11... Qe5+ {White has an edge.} 12. Be3 Bd7 13. Nxc6 Bxc6 14. Bxc6+ $40 {[%mdl 128] White is up to no good.} bxc6 15. Qd4 Bd6 16. Qxe5 $146 ({Predecessor:} 16. O-O-O Qxd4 17. Bxd4 {1-0 (38) Kesidis,O (2244)-Kirillov,D (2086) Moscow 2018}) 16... Bxe5 17. O-O-O O-O (17... a5 $14) 18. Rd7 $16 Rfb8 19. c3 Rb5 20. f4 Bf6 21. g5 hxg5 22. hxg5 Bd8 23. g6 Rf5 $2 (23... fxg6 24. Bd4 (24. Rxg6 Bf6 $16) 24... Bb6) 24. Rgd1 $18 Bh4 {[#]} 25. Bf2 $1 {[%mdl 512]} Bf6 (25... Bxf2 26. Rd8+) 26. gxf7+ Kf8 27. Rh1 {[%cal Rh1h8]} g6 28. b4 {[%cal Bb2b4,Bb4c5][%mdl 32]} Bxc3 29. Bc5+ Rxc5 30. bxc5 {[%mdl 4096] Endgame KRR-KRB} Kg7 31. Kc2 Bf6 {[#]} 32. Rh7+ $3 {[%mdl 512]} Kf8 (32... Kxh7 33. f8=Q+) 33. Rh6 Kg7 {[#]} 34. f8=Q+ $1 Kxf8 35. Rxg6 Be7 36. Rxe6 Bxc5 37. Rxc6 Bb6 38. f5 Re8 39. Rf6+ Kg8 40. Rg6+ Kf8 41. Rh6 {[%cal Rh6h8]} Re2+ 42. Kd1 {Precision: White = 98%, Black = 22%.} 1-0

[Event "12th Agzamov Memorial 2018"]
[Site "Tashkent"]
[Date "2018.04.28"]
[Round "6"]
[White "Sattarov, Bobir"]
[Black "Tashkhodzhaev, Akram"]
[Result "1/2-1/2"]
[WhiteElo "2396"]
[BlackElo "2125"]
[Annotator "RC"]
[PlyCount "185"]
[EventDate "2018.??.??"]
[EventType "swiss"]
[EventCountry "UZB"]
[SourceTitle "playchess.com"]
[Source "ChessBase"]
[SourceQuality "1"]
[TimeControl "5400+30"]

1. f4 {[%emt 0:06:15]} d5 {[%emt 0:04:01]} 2. Nf3 {[%emt 0:00:38]} g6 {[%emt 0:00:13]} 3. g3 {[%emt 0:01:46]} Bg7 {[%emt 0:00:11]} 4. Bg2 {[%emt 0:00:02]} Nf6 {[%emt 0:00:11]} 5. O-O {[%emt 0:00:15]} c5 {[%emt 0:00:09]} 6. d3 {[%emt 0:00:50]} Nc6 {[%emt 0:00:09]} 7. c3 {[%emt 0:03:32]} O-O {[%emt 0:00:38]} 8. Na3 {[%emt 0:10:09]} b6 {[%emt 0:09:22]} 9. Bd2 {[%emt 0:06:50]} Bb7 {[%emt 0:08:17]} 10. Qe1 {[%emt 0:15:39]} Rc8 {[%emt 0:03:19]} 11. Rd1 {[%emt 0:19:42]} Qc7 {[%emt 0:01:20]} 12. h3 {[%emt 0:03:41]} Rcd8 {[%emt 0:05:17]} 13. g4 {[%emt 0:03:47]} e5 {[%emt 0:14:49]} 14. Nb5 Qe7 {[%emt 0:08:39]} 15. Nxe5 {[%emt 0:02:07]} Nxe5 {[%emt 0:00:17]} 16. fxe5 {[%emt 0:00:03]} Qxe5 {[%emt 0:00:21]} 17. Bf4 {[%emt 0:00:34]} Qe6 {[%emt 0:00:46]} 18. Qh4 {[%emt 0:02:16]} Rd7 {[%emt 0:01:55]} 19. Rf2 {[%emt 0:03:08]} Ne8 {[%emt 0:03:36]} 20. Rdf1 {[%emt 0:00:48]} Bc6 {[%emt 0:02:28]} 21. Na3 {[%emt 0:01:32]} d4 {[%emt 0:01:32]} 22. Bxc6 {[%emt 0:01:08]} Qxc6 {[%emt 0:00:07]} 23. c4 {[%emt 0:01:33]} f6 {[%emt 0:06:54]} 24. Bh2 {[%emt 0:04:15]} Qe6 {[%emt 0:03:32]} 25. Nb1 {[%emt 0:00:51]} Qe3 {[%emt 0:00:55]} 26. Bf4 {[%emt 0:00:52]} Qe6 {[%emt 0:00:11]} 27. Bh2 {[%emt 0:00:06]} Qe3 {[%emt 0:00:07]} 28. Kh1 {[%emt 0:05:56]} Re7 {[%emt 0:07:12]} 29. Qg3 {[%emt 0:02:16]} Bh6 {[%emt 0:04:12]} 30. Na3 {[%emt 0:00:07]} Qxg3 {[%emt 0:01:33]} 31. Bxg3 {[%emt 0:00:02]} Be3 {[%emt 0:00:15]} 32. Rf3 {[%emt 0:00:51]} Bd2 {[%emt 0:00:54]} 33. R3f2 {[%emt 0:00:04]} Be3 {[%emt 0:00:07]} 34. Rg2 {[%emt 0:00:03]} Rff7 {[%emt 0:00:48]} 35. Nc2 {[%emt 0:00:18]} Bd2 {[%emt 0:01:19]} 36. Rd1 {[%emt 0:00:11]} Bh6 {[%emt 0:01:52]} 37. b4 {[%emt 0:02:47]} Re6 {[%emt 0:00:14]} 38. Kg1 {[%emt 0:02:11]} f5 {[%emt 0:00:10]} 39. gxf5 {[%emt 0:00:13]} Rxf5 {[%emt 0:00:05]} 40. bxc5 {[%emt 0:00:45]} bxc5 {[%emt 0:00:07]} 41. Rb1 {[%emt 0:00:08]} Ra6 {[%emt 0:01:36]} 42. a3 {[%emt 0:01:23]} Rb6 {[%emt 0:00:36]} 43. Rb5 {[%emt 0:00:08]} Bf8 {[%emt 0:02:41]} 44. Rf2 {[%emt 0:00:38]} Rxf2 {[%emt 0:00:49]} 45. Kxf2 {[%emt 0:00:02]} Nd6 {[%emt 0:02:43]} 46. Rxb6 {[%emt 0:01:06]} axb6 {[%emt 0:00:06]} 47. e3 {[%emt 0:00:10]} Nf5 {[%emt 0:04:52]} 48. Bc7 {[%emt 0:00:36]} dxe3+ {[%emt 0:00:42]} 49. Nxe3 {[%emt 0:00:02]} Nxe3 {[%emt 0:00:26]} 50. Kxe3 {[%emt 0:00:01]} Kf7 {[%emt 0:00:09]} 51. Bxb6 {[%emt 0:01:03]} Ke6 {[%emt 0:00:06]} 52. a4 {[%emt 0:01:28]} Kd6 {[%emt 0:00:23]} 53. d4 {[%emt 0:00:45]} cxd4+ {[%emt 0:00:06]} 54. Bxd4 {[%emt 0:00:05]} Be7 {[%emt 0:00:44]} 55. a5 {[%emt 0:01:01]} Kc6 {[%emt 0:00:04]} 56. a6 {[%emt 0:00:02]} g5 {[%emt 0:00:39]} 57. Ke4 {[%emt 0:01:00]} h5 {[%emt 0:00:21]} 58. Kf5 {[%emt 0:00:39]} Bd8 {[%emt 0:00:24]} 59. Be3 {[%emt 0:00:38]} g4 {[%emt 0:00:06]} 60. hxg4 {[%emt 0:00:11]} hxg4 {[%emt 0:00:05]} 61. Kxg4 {[%emt 0:00:35]} Bc7 {[%emt 0:00:21]} 62. Kf5 {[%emt 0:00:05]} Ba5 {[%emt 0:00:12]} 63. Ke6 {[%emt 0:00:09]} Bb4 {[%emt 0:00:30]} 64. Bf4 {[%emt 0:01:15]} Ba5 {[%emt 0:03:31]} 65. Bd6 {[%emt 0:00:44]} Bb6 {[%emt 0:01:03]} 66. Bf4 {[%emt 0:00:15]} Bd4 {[%emt 0:00:44]} 67. Be5 {[%emt 0:00:44]} Bc5 {[%emt 0:00:38]} 68. Bb8 {[%emt 0:00:31]} Kb6 {[%emt 0:00:55]} 69. Kd7 {[%emt 0:00:29]} Bd4 {[%emt 0:00:44]} 70. Bd6 {[%emt 0:00:29]} Kxa6 {[%emt 0:00:19]} 71. Kc6 {[%emt 0:00:01]} Be3 {[%emt 0:00:11]} 72. Bc5 {[%emt 0:00:20]} Bh6 {[%emt 0:00:12]} 73. Bd4 {[%emt 0:00:50]} Bf8 {[%emt 0:00:08]} 74. Be3 {[%emt 0:00:06]} Be7 {[%emt 0:00:07]} 75. Kd7 {[%emt 0:00:33]} Bf8 {[%emt 0:01:29]} 76. Bf4 {[%emt 0:00:09]} Bc5 {[%emt 0:00:12]} 77. Kc6 {[%emt 0:00:18]} Bd4 {[%emt 0:00:27]} 78. Bd6 {[%emt 0:00:49]} Be3 {[%emt 0:00:13]} 79. Bc5 {[%emt 0:00:19]} Bh6 {[%emt 0:00:08]} 80. Kd7 {[%emt 0:00:31]} Bc1 {[%emt 0:00:35]} 81. Bf2 {[%emt 0:00:13]} Ba3 {[%emt 0:00:09]} 82. Be3 {[%emt 0:00:12]} Bb4 {[%emt 0:00:09]} 83. Bd4 {[%emt 0:00:49]} Ba3 {[%emt 0:00:09]} 84. Be5 {[%emt 0:00:04]} Bc5 {[%emt 0:00:13]} 85. Bd6 {[%emt 0:00:06]} Be3 {[%emt 0:00:09]} 86. Kc7 {[%emt 0:00:52]} Bb6+ {[%emt 0:00:19]} 87. Kc6 {[%emt 0:00:04]} Be3 {[%emt 0:00:14]} 88. Bc5 {[%emt 0:00:05]} Bh6 {[%emt 0:00:08]} 89. Kd7 {[%emt 0:00:34]} Kb7 {[%emt 0:01:10]} 90. Bf2 {[%emt 0:00:02]} Bf8 91. Bg3 Bc5 {[%emt 0:00:21]} 92. Bc7 {[%emt 0:00:09]} Be3 {[%emt 0:00:33]} 93. Ba5 {Kc6+ Ke6 Kb7} 1/2-1/2

[Event "12th Agzamov Memorial 2018"]
[Site "Tashkent"]
[Date "2018.04.28"]
[Round "6"]
[White "Sattarov, Bobir"]
[Black "Tashkhodzhaev, Akram"]
[Result "*"]
[WhiteElo "2396"]
[BlackElo "2125"]
[Annotator "TA"]
[PlyCount "32"]
[EventDate "2018.??.??"]
[EventType "swiss"]
[EventCountry "UZB"]
[SourceTitle "playchess.com"]
[Source "ChessBase"]
[SourceQuality "1"]

{[%evp 14,15,-20,-31]} 1. f4 d5 2. Nf3 g6 3. g3 Bg7 4. Bg2 Nf6 5. O-O c5 6. d3 Nc6 7. c3 O-O 8. Na3 {LiveBook: 103 Games} {Predecessor:} Re8 $146 9. Nh4 b6 10. e4 dxe4 11. Qa4 Qxd3 12. Qxc6 Bd7 13. Qc7 Ng4 14. Re1 Bd4+ 15. cxd4 Qxd4+ 16. Be3 Nxe3 {1-0 (58) Carlsen,M (2837)-Adams,M (2715) London 2017} *